ALL Cities in Mississippi - Statistics

General Stats
  • This quiz has been taken 27 times
  • The average score is 37 of 299
Answer Stats
Hint Answer % Correct
J Jackson
95%
B Biloxi
75%
H Hattiesburg
75%
B Brandon
60%
G Gulfport
60%
M Madison
60%
N Natchez
60%
O Oxford
60%
T Tupelo
60%
V Vicksburg
60%
P Pearl
55%
M McComb
50%
M Meridian
45%
P Philadelphia
45%
F Flowood
40%
G Greenville
40%
O Olive Branch
40%
R Ridgeland
40%
S Starkville
40%
C Canton
35%
C Clinton
35%
C Corinth
35%
G Greenwood
35%
G Grenada
35%
P Pascagoula
35%
P Picayune
35%
W West
35%
W West Point
35%
Y Yazoo City
35%
B Batesville
30%
B Bay St. Louis
30%
B Booneville
30%
B Brookhaven
30%
C Clarksdale
30%
C Columbia
30%
C Columbus
30%
L Laurel
30%
S Sumner
30%
C Cleveland
25%
H Hernando
25%
H Holly Springs
25%
H Horn Lake
25%
M Mound Bayou
25%
P Petal
25%
S Southhaven
25%
T Tunica
25%
A Aberdeen
20%
B Belzoni
20%
C Calhoun City
20%
C Carthage
20%
D Drew
20%
F Forest
20%
H Hazlehurst
20%
I Iuka
20%
J Jonestown
20%
L Louisville
20%
M Macon
20%
M Magnolia
20%
O Ocean Springs
20%
P Pass Christian
20%
S Sardis
20%
T Tylertown
20%
W Water Valley
20%
W Winona
20%
A Abbeville
15%
A Alligator
15%
A Amory
15%
B Baldwyn
15%
C Charleston
15%
C Coffeeville
15%
C Crystal Springs
15%
D Decatur
15%
D D'Iberville
15%
D Durant
15%
E Eupora
15%
F Fayette
15%
F Flora
15%
G Guntown
15%
I Itta Bena
15%
K Kosciusko
15%
L Leland
15%
L Lexington
15%
L Liberty
15%
L Louise
15%
M Magee
15%
M Marks
15%
M Moss Point
15%
M Mount Olive
15%
N New Albany
15%
Q Quitman
15%
R Raymond
15%
R Richland
15%
R Rolling Fork
15%
R Rosedale
15%
R Ruleville
15%
S Saltillo
15%
S Scooba
15%
S Senatobia
15%
S Shelby
15%
T Taylor
15%
T Terry
15%
T Tutwiler
15%
U Union
15%
U Utica
15%
W Walls
15%
W Waynesboro
15%
W Wiggins
15%
W Woodville
15%
A Arcola
10%
B Bay Springs
10%
B Blue Mountain
10%
B Blue Springs
10%
B Brooksville
10%
B Bruce
10%
B Byhalia
10%
B Byram
10%
C Collins
10%
D De Kalb
10%
D Diamondhead
10%
E Edwards
10%
E Ellisville
10%
F Florence
10%
F Friars Point
10%
G Gautier
10%
G Gloster
10%
H Hollandale
10%
H Houston
10%
I Indianola
10%
L Lake
10%
L Long Beach
10%
M Mendenhall
10%
M Mize
10%
M Morton
10%
N New Augusta
10%
N Newton
10%
O Oakland
10%
O Osyka
10%
P Pickens
10%
P Poplarville
10%
P Port Gibson
10%
R Raleigh
10%
S Shannon
10%
S Shaw
10%
S Summit
10%
T Tchula
10%
T Tishomingo
10%
V Vaiden
10%
V Vardaman
10%
V Verona
10%
W Waveland
10%
W Webb
10%
W Wesson
10%
A Ackerman
5%
A Algoma
5%
A Anguilla
5%
A Ashland
5%
B Bassfield
5%
B Beaumont
5%
B Belmont
5%
B Benoit
5%
B Beulah
5%
B Big Creek
5%
B Bolton
5%
B Boyle
5%
B Bude
5%
B Burnsville
5%
C Carrollton
5%
C Cary
5%
C Centreville
5%
C Chunky
5%
C Coldwater
5%
C Como
5%
C Courtland
5%
C Crenshaw
5%
C Crowder
5%
D D'Lo
5%
D Duck Hill
5%
D Duncan
5%
E Eden
5%
F Farmington
5%
F French Camp
5%
F Fulton
5%
G Glen
5%
G Glendora
5%
H Heidelberg
5%
K Kilmichael
5%
K Kossuth
5%
L Leakesville
5%
L Lucedale
5%
L Lumberton
5%
L Lyon
5%
M Marietta
5%
M Marion
5%
M Mathiston
5%
M Mayersville
5%
M Merigold
5%
M Monticello
5%
M Moorhead
5%
M Morgan City
5%
N New Hebron
5%
N North Carrollton
5%
P Pelahatchie
5%
P Pontotoc
5%
P Pope
5%
P Prentiss
5%
P Puckett
5%
P Purvis
5%
R Renova
5%
R Ripley
5%
S Sallis
5%
S Satartia
5%
S Sebastopol
5%
S Sherman
5%
S Shubuta
5%
S Silver City
5%
S Smithville
5%
S Stonewall
5%
S Sumrall
5%
S Sunflower
5%
T Taylorsville
5%
T Tillatoba
5%
W Walthall
5%
W Weir
5%
W Winstonville
5%
W Woodland
5%
A Artesia
0%
B Beauregard
0%
B Bentonia
0%
B Braxton
0%
C Caledonia
0%
C Coahoma
0%
C Crawford
0%
C Crosby
0%
C Cruger
0%
D Derma
0%
D Doddsville
0%
D Dumas
0%
E Ecru
0%
E Enterprise
0%
E Ethel
0%
F Falcon
0%
F Falkner
0%
G Gattman
0%
G Georgetown
0%
G Golden
0%
G Goodman
0%
G Gunnison
0%
H Hatley
0%
H Hickory
0%
H Hickory Flat
0%
I Inverness
0%
I Isola
0%
J Jumpertown
0%
L Lambert
0%
L Learned
0%
L Lena
0%
L Louin
0%
L Lula
0%
M Maben
0%
M Mantachie
0%
M Mantee
0%
M McCool
0%
M McLain
0%
M Meadville
0%
M Metcalfe
0%
M Montrose
0%
M Myrtle
0%
N Nettleton
0%
N New Houlka
0%
N Noxapater
0%
O Okolona
0%
P Pace
0%
P Pachuta
0%
P Paden
0%
P Pittsboro
0%
P Plantersville
0%
P Polkville
0%
P Potts Camp
0%
R Richton
0%
R Rienzi
0%
R Roxie
0%
S Sandersville
0%
S Schlater
0%
S Seminary
0%
S Shuqualak
0%
S Sidon
0%
S Silver Creek
0%
S Slate Springs
0%
S Sledge
0%
S Snow Lake Shores
0%
S Soso
0%
S State Line
0%
S Sturgis
0%
S Sylvarena
0%
T Thaxton
0%
T Toccopola
0%
T Tremont
0%
W Walnut
0%
W Walnut Grove
0%
No matching quizzes found
Score Distribution
Percent of People with Each Score
Percentile by Number Answered
Your Score History
You have not taken this quiz